Ancient China - Statistics

General Stats
  • This quiz has been taken 330 times
  • The average score is 8 of 16
Answer Stats
Hint Answer % Correct
Main river Huang
93%
Famous trading road Silk Road
88%
Large desert in the northern part Gobi
73%
Last imperial dynasty Qing
72%
Famous Chinese Philosopher Confucius
71%
Dynasty were many inventions happened Han
66%
Longest dynasty Ming
61%
First dynasty to issue paper money Song
54%
First ruler of China Qin Shi Huang
49%
Ancient practice to make women more beatiful Foot binding
37%
Other main river Chang
29%
Rebellion that ravaged southern china Taiping
25%
Period of Disunion after previous dynasty collapsed three kingdoms
22%
Large irrigation project 1000 miles long Grand Canal
21%
Type of Government job testing system Merit
4%
Innovative type of agriculture Terrace binding
1%
No matching quizzes found
Score Distribution
Percent of People with Each Score
Percentile by Number Answered
Your Score History
You have not taken this quiz